| 000 | 00385cam a2200145ua 4500 | ||
|---|---|---|---|
| 041 |
_aeng _h |
||
| 082 |
_a425 _bHOR/TE |
||
| 100 | _aJtronby, A.S . | ||
| 245 |
_aTeaching structural words and setence Pattern / _cJtorny, A.S. _hTextual Documents |
||
| 260 |
_aMumbai : _bOxford & IBH Book Company , _c1962. |
||
| 300 | _a166 ; . | ||
| 504 | _a | ||
| 942 | _cBK | ||
| 999 |
_c12435 _d12435 |
||